000 00725cam a22002653a 4500
001 28123
003 PGUSA
005 20140828083616.0
008 090219s2009||||xxu|||||s|||||000 1 eng d
040 _aPGUSA
_beng
042 _adc
050 4 _aPS
100 1 _aTownley, Houghton
245 1 4 _aThe Scarlet Feather
_h[electronic resource] /
_cHoughton Townley
260 _bProject Gutenberg,
_c2009
506 _aPublic domain in the USA.
516 _aElectronic text
653 _aFamilies -- Fiction
653 _aNew York (N.Y.) -- Fiction
653 _aForgery -- Fiction
700 1 _aGrefé, Will
830 0 _aProject Gutenberg
_v28123
856 4 0 _uhttp://www.gutenberg.org/ebooks/28123
942 _cEB
999 _c257378
_d257378